| 000 | 00507nam a2200229Ia 4500 | ||
|---|---|---|---|
| 003 | IT-RoPAU | ||
| 008 | 120407s9999 xx 000 0 und d | ||
| 040 | _aIT-RoPAU | ||
| 040 | _cIT-RoPAU | ||
| 041 | _aita | ||
| 100 | _aTobias Smollett | ||
| 245 | _aTravels Through France and Italy | ||
| 250 | _aOxford New York | ||
| 260 | _aOxford University Press | ||
| 260 | _c1981 | ||
| 300 | _bill. | ||
| 300 | _c18,9 cm | ||
| 490 | _aThe world’s classic | ||
| 490 | _v1 | ||
| 942 | _cBK | ||
| 999 |
_c370 _d370 |
||